Most Valuable Currencies - Statistics

General Stats
  • This quiz has been taken 55 times
  • The average score is 4 of 6
Answer Stats
Hint Conversion from USD Answer % Correct
Is the currency of the EU. 0.9 to a USD. Euro
100%
The currency of the UK. 0.69 to a USD. Pound
98%
The currency of Kuwait. 0.39 to a USD Dinar
71%
The currency of Bahrain. 0.37 to a USD. Dinar
69%
The currency of Oman. 0.38 to a USD Rial
50%
The currency of Latvia. 0.62 to a USD Lat
23%
No matching quizzes found
Score Distribution
Percent of People with Each Score
Percentile by Number Answered
Your Score History
You have not taken this quiz